Регионална библиотека "Любен Каравелов" - Русе

Месец под вишневия цвят (Запис номер 426822)

MARC детайли
000 -Лидер
Контролно поле с фиксирана дължина 00967nam a2200253 a 4500
003 - Код на организацията, давaща контролен номер
Контролно поле BLK
005 - Дата и час на последна редакция
Контролно поле 20250709110112.0
008 - Елементи от данни с фиксирана дължина
fixed length control field 210805b bu |||||r|||| 00| | bu d
020 ## - Международен стандартен номер на книга ISBN
Международен стандартен номер на книга ISBN 9789543896080
040 ## - Източник на каталожния запис
Идентификатор на билиотеката - собственик на записа BLK
041 ## - Код за език
Код за езика на текст/звукозапис или на отделно заглавие Български
Код за езика КДБФ Български
080 ## - УДК
Текстов определител УДК Английска литература
УДК код - определител по УДК 821.111
УДК определител -31
УДК - код + определител 821.111-31
100 ## - Редна дума - Автор
R(LIN) 1299
Автор Дикинс, Луси
Авторска отговорност първи автор
139 ## - Редно поле
Редна дума Дикинс, Луси
Авторски знак Ди - Д 53
245 ## - Сведения за заглавието
Заглавие Месец под вишневия цвят
Редно поле (дума) Луси Дикинс ; прев. Емилия Карастойчева
260 ## - Област на издателските данни
9 (RLIN) 209478
Място на издаване, разпространение и проч. София
Име на издателя, разпространителя и проч. Ера
Година на издаване 2021
Печатница (Костинброд : Мултипринт)
Издателство - префикс ISBN 978-954-9395- ; 978-954-389-
300 ## - Физическа характеристика
Страници 240 с.
Размери/Мащаб 20 см
380 ## - Жанр
Жанр Худож. лит.
500 ## - Общи забележки
Забележка Ориг. загл. The Broken Hearts Honeymoon / Lucy Dickens
852 ## - Местоположение
Фондова буква Заемна - подръчен фонд
Систематично-азбучна сигнатура 821-31/Д 53 Л
999 ## - СИСТЕМНИ КОНТРОЛНИ НОМЕРА
Koha biblionumber 426822
Koha biblioitemnumber 426822
942 ## - АРТИКУЛИ
Вид на библиотечния материал Книги
Скрит в OPAC Не
Периодичен библиозапис Да
Koha issues (borrowed), all copies 46
944 ## - СЪЗДАВАНЕ И РЕДАКЦИЯ на ЗАПИСА
Създаване/Редакция Създаване
Дата на регистрацията/редакция 2021-08-05
Служител, извършил регистрацията/редакцията 30576
Статус, дата на статуса Цветомила Тодорова
999 ## - СИСТЕМНИ КОНТРОЛНИ НОМЕРА
Koha biblioitemnumber 426822
Наличности
Код за отписване Код за изгубен артикул Източник на класификационната схема Код за повреда Коз за рестрикции Код за отдаване Артикулен № Име на библиотеката - собственик Име на библиотеката, в която се намира в момента Статус (Текущо местоположение) Дата на вписване в системата Местоположение - отдел Цена в лева Систематично азбучна сигнатура Баркод Цена в евро Служебен тип на артикула
  Не е изгубен Universal Decimal Classification Не е повреден без рестрикции заемане за дома 847043 Регионална библиотека "Любен Каравелов" Русе Регионална библиотека "Любен Каравелов" Русе Заемна - подръчен фонд 2021-08-06 Заемна - подръчен фонд 11.99 821-31/Д 53 Л 120000859379 6.13 Книги
  Не е изгубен Universal Decimal Classification Не е повреден без рестрикции заемане за дома 847044 Регионална библиотека "Любен Каравелов" Русе Регионална библиотека "Любен Каравелов" Русе Заемна - подръчен фонд 2021-08-06 Заемна - подръчен фонд 11.99 821-31/Д 53 Л 120000859380 6.13 Книги
  Не е изгубен Universal Decimal Classification Повреден без рестрикции заемане за дома 882247 Регионална библиотека "Любен Каравелов" Русе Регионална библиотека "Любен Каравелов" Русе Заемна - подръчен фонд 2022-04-20 Заемна - подръчен фонд 16.00 821-31/Д 53 Л 120000871290 8.18 Книги
  Не е изгубен Universal Decimal Classification Не е повреден само за читалня ползва се в читалня 905360 Регионална библиотека "Любен Каравелов" Русе Регионална библиотека "Любен Каравелов" Русе Хранилище 2022-09-26 Хранилище 15.99 Цб 314471 120000877185 8.18 Книги
Vip Innovations Ltd, Rousse, Bulgaria 2025